| 000 | 00435nam a2200169Ia 4500 | ||
|---|---|---|---|
| 008 | 150509s9999 xx 000 0 und d | ||
| 020 | _a273707523 | ||
| 082 | _a658.8 72 CHA | ||
| 100 | _aCHAFFEY, Dave | ||
| 245 | _aE-business and e-commerce management | ||
| 260 | _aLondon: | ||
| 260 | _bPrentice Hall | ||
| 260 | _c2007 | ||
| 300 | _axxviii, 663 p. : ill. ; 27 cm | ||
| 500 | _aIncludes index | ||
| 650 | _aBusness Management | ||
| 999 |
_c11537 _d11537 |
||